000 00578nam a2200181Ia 4500
008 151018s9999 xx 000 0 und d
082 _bRBASDV45181
_a891.433
100 _aशशी श्यामसिंह
245 _aजंगल कि गुडिया
250 _b1
260 _bसंगीता
_c2008
300 _a48
600 _aशशी श्यामसिंह
630 _aजंगल कि गुडिया
700 _aशशी श्यामसिंह
730 _aजंगल कि गुडिया
942 _cBOOK
999 _c1044371
_d1044368